| 000 | 00405 a2200169 4500 | ||
|---|---|---|---|
| 001 | 188245 | ||
| 020 | _a978-85-359-1422-1 | ||
| 040 | _cMagnum | ||
| 100 | _aLarsson, Stieg | ||
| 240 | 1 | 0 |
_aA menina que brincava com fogo _lpor |
| 245 | 1 | 0 | _aA menina que brincava com fogo |
| 300 | _a607 | ||
| 362 | 0 | _a2009 | |
| 440 | 1 | _aCompanhia das Letras | |
| 697 | _aLITERATURA GERAL ESTRANGEIRA | ||
| 942 | _cBK | ||
| 999 |
_c188245 _d188245 |
||